000 00339nam a2200133Ia 4500
005 20260326100045.0
008 260326s9999||||xx |||||||||||||| ||und||
100 _aTascón, Rodrigo
245 0 _aLa Arquitectura Moderna en Cali /
_cRodrigo Tascón
260 _bCivilis
300 _a185 p.
650 _aARQUITECTURA REGIONAL
942 _cBK
999 _c7156
_d7156